000 00814nam a2200241Ia 4500
999 _c65196
_d65196
005 20240530110812.0
008 140319s2008 au a b 000 0 ara d
017 _a2006/23711
_bمصر . دار الكتب
020 _a9774084128
040 _aGCL /
_cGCL
082 0 4 _221
_a793.73 /
_bص أ
100 0 _aصبحى سليمان
245 1 2 _aالالغاز الطريفة /
_cتأليف صبحى سليمان
250 _aط.2
260 _aالقاهرة :
_bدار الفاروق للنشر والتوزيع،
_c2006 .
300 _a72 ص. :
_bايض. ؛
_c24 سم.
650 0 7 _aالالغاز
_2qrmak
650 0 7 _aالالغاز الرياضية
_2qrmak
650 0 7 _aالغاز الطريفة
_2qrmak
651 _2qrmak
942 _2ddc
_cBK